LEADER 01231nam 2200373 450 001 000006024 005 20070503173300.0 100 $a20001122d1959----km-y0itay0103----ba 101 0 $aeng 102 $aUS 200 1 $aAdd a dash of pity$fby Peter Ustinov 200 1 $a1 $n0004219 210 $aBoston ; Toronto$cLittle, Brown$dc1959 215 $a245 p.$d21 cm. 300 $aRacconti vari 676 $a822.914$v(20 ed.)$9Letteratura drammatica inglese. 1945- 700 1$aUstinov,$bPeter$0439684 801 0$aIT$bUniversitą della Basilicata - B.I.A.$gRICA$2unimarc 912 $a000006024 996 $aAdd a dash of pity$973898 997 $aUNIBAS BAS $aMONLET BAS $aMONOGR BAS $aLETTERE CAT $aDEBONIS$b01$c20001122$lBAS01$h1112 CAT $aTROMBONE$b20$c20001130$lBAS01$h1315 CAT $c20050601$lBAS01$h1753 CAT $abatch$b01$c20050718$lBAS01$h1049 CAT $c20050718$lBAS01$h1108 CAT $c20050718$lBAS01$h1138 CAT $c20050718$lBAS01$h1152 CAT $aBATCH$b00$c20070503$lBAS01$h1733 FMT Z30 -1$lBAS01$LBAS01$mBOOK$1BASA1$APolo Storico-Umanistico$2GEN$BCollezione generale$3FP/4799$64799$5L4799$820001122$f02$FPrestabile Generale LEADER 00927cam0 22002533 450 001 SOB006828 005 20230626111548.0 010 $a8813232497 100 $a20040211d2001 |||||ita|0103 ba 101 $aita 102 $aIT 200 1 $a<>nuovo procedimento amministrativo commentato$el'attivitą della p. a. nell'ordinamento amministrativo innovato dalla L. 241/90 e dalle leggi di riforma successive$fItalo Franco 210 $aPadova$cCEDAM$d2001 215 $aXV, 626 p.$d24 cm. 700 1$aFranco$b, Italo$3AF00004045$4070$0237802 801 0$aIT$bUNISOB$c20230626$gRICA 850 $aUNISOB 852 $aUNISOB$j340$m107143 912 $aSOB006828 940 $aM 102 Monografia moderna SBN 941 $aM 957 $a340$b003323$gSI$d107143$rACQUISTO$1carrano$2UNISOB$3UNISOB$420130326103359.0$520130326103459.0$6carrano 996 $aNuovo procedimento amministrativo commentato$9735445 997 $aUNISOB